[Event "MK Cafe Cup-A"]
[Site "Koszalin"]
[Date "1999.08.10"]
[Round "7"]
[White "Antoniewski, Rafal"]
[Black "Lerner, Konstantin Z"]
[Result "1-0"]
[WhiteElo "2417"]
[BlackElo "2588"]

1.e4 c5 2.Nf3 d6 3.d4 cxd4 4.Nxd4 Nf6 5.Nc3 Nc6 6.Bg5 e6 7.Qd2 a6 8.O-O-O h6
9.Be3 Be7 10.f3 Nxd4 11.Bxd4 b5 12.Kb1 Rb8 13.Ba7 Rb7 14.Be3 Qc7 15.g4 Nd7
16.Be2 Nb6 17.Bd3 b4 18.Ne2 Nc4 19.Bxc4 Qxc4 20.Ng3 Rb5 21.Bd4 Rg8 22.h4 a5
23.Qd3 Qxd3 24.cxd3 Ba6 25.Nh5 Kd7 26.Rh2 a4 27.b3 axb3 28.axb3 Ra5 29.Bb2 f6
30.f4 Bb7 31.Re2 e5 32.d4 g6 33.Nxf6+ Bxf6 34.dxe5 Bxh4 35.Rxd6+ Ke7 36.Rb6 Ba6
37.Rd2 Bg3 38.Rdd6 Bc8 39.Rbc6 Bxg4 40.Rc7+ Ke8 41.f5 Bxe5 42.Rc8+ Kf7 43.Rd7+ Kf6
44.Rxg8 gxf5 45.Rgg7 Bxb2 46.Kxb2 h5 47.Rdf7+ Ke6 48.exf5+ Rxf5 49.Rb7 Rf4
50.Rb6+ Kf5 51.Rb5+ Kf6 52.Rg8 Rd4 53.Rh8 Kg6 54.Rg8+ Kf6 55.Rgb8 Re4 56.R8b6+ Re6
57.Rb8 Re4 58.Kc2 h4 59.Kd3 Re6 60.Rxb4 Bf5+ 61.Kd2 h3 62.Rh4 Re4 63.Rh5 Kg6
64.Rbh8 Be6 65.R8h6+ Kf7 66.Rh7+ Kf6 67.R5h6+ Ke5 68.Rb7 Kf4 69.Re7 Bf5 70.Rh4+ Kf3
71.Rexe4 Bxe4 72.Rxh3+  1-0

[Event "LIB-ch"]
[Site "Beruit"]
[Date "1999.08.12"]
[Round "11"]
[White "Omar, Hytham"]
[Black "Somev, Abdo"]
[Result "1-0"]
[WhiteElo "2106"]
[BlackElo "2140"]

1.e4 c5 2.Nf3 d6 3.d4 cxd4 4.Nxd4 Nf6 5.Nc3 Nc6 6.Bg5 e6 7.Qd2 Be7 8.O-O-O a6
9.f4 Qc7 10.Be2 Bd7 11.Bf3 Rc8 12.Rhe1 Na5 13.Be2 b5 14.Bd3 h6 15.Bxf6 Bxf6
16.Bxb5 axb5 17.Ndxb5 Qc6 18.Nxd6+ Kf8 19.Nxc8 Bxc8 20.Qd6+ Qxd6 21.Rxd6 Bxc3
22.Rd8+ Ke7 23.Rxh8 Bxe1 24.Rxc8 Kd7 25.Rg8 g6 26.g4 Nc4 27.Kd1 Ba5 28.Ke2 Nxb2
29.Rh8 Nc4 30.Rxh6 Bd2 31.Rh7 Bxf4 32.Rxf7+ Kd6 33.Rxf4 Ke5 34.Rf8 Kxe4 35.h4 Ne3
36.h5  1-0

[Event "MK Cafe Cup-A"]
[Site "Koszalin"]
[Date "1999.08.12"]
[Round "9"]
[White "Degraeve, Jean Marc"]
[Black "Lerner, Konstantin Z"]
[Result "1-0"]
[WhiteElo "2542"]
[BlackElo "2588"]

1.e4 c5 2.Nf3 d6 3.d4 cxd4 4.Nxd4 Nf6 5.Nc3 Nc6 6.Bg5 e6 7.Qd2 a6 8.O-O-O h6
9.Nxc6 bxc6 10.Bf4 d5 11.Qe3 Qa5 12.Be2 Bb4 13.Be5 dxe4 14.Bxf6 gxf6 15.Qxe4 Ke7
16.Rd3 Ra7 17.a3 Bxc3 18.Rxc3 c5 19.Rd1 Bd7 20.Qe3 Rc7 21.Qg3 e5 22.Qg7 Rb8
23.Bc4 Be8 24.f4 e4 25.Re3 f5 26.Qe5+ Kf8 27.Qd6+  1-0

[Event "MK Cafe Cup-B"]
[Site "Koszalin"]
[Date "1999.08.12"]
[Round "9"]
[White "Skrzypnik, Maciej"]
[Black "Cmilyte, Viktorija"]
[Result "0-1"]
[WhiteElo "2138"]
[BlackElo "2354"]

1.e4 c5 2.Nf3 d6 3.d4 Nf6 4.Nc3 cxd4 5.Nxd4 Nc6 6.Bg5 e6 7.Qd2 a6 8.O-O-O Qb6
9.Nxc6 bxc6 10.e5 dxe5 11.Bxf6 gxf6 12.Ne4 Rb8 13.b3 Bg7 14.g4 h5 15.Qe2 Kf8
16.gxh5 f5 17.Nd6 e4 18.Nc4 Qc7 19.Kb1 Rb5 20.f3 Qe7 21.fxe4 fxe4 22.a4 Qf6
23.Ka2 Rc5 24.Rb1 Rhxh5 25.Qxe4 Rh4 26.Qe3 Qd4 27.Qxd4 Bxd4 28.c3 Bxc3 29.Nb6 Rf5
30.Bc4 Rf2+ 31.Ka3 c5 32.b4 Bxb4+ 33.Rxb4 cxb4+ 34.Kxb4 Rb2+ 35.Kc5 Bb7 36.Rd1 Rh5+  0-1

[Event "Baunatal op 5th"]
[Site "Baunatal"]
[Date "1999.08.13"]
[Round "3"]
[White "Sprenger, Jan Michael"]
[Black "Pasalic, Mehmed"]
[Result "0-1"]
[WhiteElo "2191"]
[BlackElo "2350"]

1.e4 c5 2.Nf3 d6 3.d4 cxd4 4.Nxd4 Nf6 5.Nc3 Nc6 6.Bg5 e6 7.Qd2 a6 8.O-O-O h6
9.Be3 Be7 10.Be2 Qc7 11.f4 Rb8 12.Bf3 Bd7 13.Nxc6 Bxc6 14.e5 dxe5 15.fxe5 Nd7
16.Bf4 Nc5 17.Qe3 b5 18.Ne4 Nxe4 19.Bxe4 Rc8 20.Rd2 Bxe4 21.Qxe4 Qc4 22.Qd4 O-O
23.b3 Qc7 24.Rhd1 Qa5 25.Kb1 Bb4 26.Rd3 Rxc2 27.Qa1 Rxg2 28.Rc1 Ba3 29.Rc2 Qe1+
30.Bc1 Rxc2 31.Kxc2 Rc8+  0-1

[Event "Faro op"]
[Site "Algarve"]
[Date "1999.08.14"]
[Round "5"]
[White "Blalock, Rex"]
[Black "Santos, Luis M"]
[Result "0-1"]
[WhiteElo "2150"]
[BlackElo "2376"]

1.e4 c5 2.Nf3 Nc6 3.d4 cxd4 4.Nxd4 Nf6 5.Nc3 d6 6.Bg5 e6 7.Qd2 a6 8.O-O-O h6
9.Bf4 Bd7 10.Nxc6 Bxc6 11.f3 d5 12.Qe1 Bb4 13.a3 Ba5 14.b4 Bb6 15.exd5 Bxd5
16.Be5 O-O 17.Qh4 Nd7 18.Qxd8 Bxd8 19.Bd6 Bc6 20.Bxf8 Kxf8 21.Bd3 f5 22.Rhe1 Bf6
23.Nb1 Ne5 24.f4 Nxd3+ 25.Rxd3 Bxg2 26.Rxe6 Be4 27.Rd2 Rc8 28.Re2 Bd3 29.Rd2 Be4
30.Red6 Be7 31.Rd7 g5 32.fxg5 Bxg5 33.Kd1 Bxd2 34.Rxd2 Ke7 35.Kc1 Kf6 36.Kb2 f4
37.Nc3 Bh1 38.Nd5+ Bxd5 39.Rxd5 Rf8 40.Kc3 f3 41.Rd1 Ke5 42.Rf1 Ke4 43.Kd2 Rd8+
44.Kc1 h5 45.Re1+ Kf4 46.Re7 f2 47.Rf7+ Ke3 48.Re7+ Kf3 49.Rf7+ Kg2  0-1

[Event "Baunatal op 5th"]
[Site "Baunatal"]
[Date "1999.08.14"]
[Round "5"]
[White "Sprenger, Jan Michael"]
[Black "Arne, Walter"]
[Result "1-0"]
[WhiteElo "2191"]
[BlackElo "1767"]

1.e4 c5 2.Nf3 d6 3.d4 cxd4 4.Nxd4 Nf6 5.Nc3 Nc6 6.Bg5 a6 7.Qd2 e6 8.O-O-O Be7
9.f4 h6 10.Bxf6 gxf6 11.f5 Qc7 12.Be2 h5 13.g4 h4 14.g5 fxg5 15.fxe6 Bxe6
16.Nxe6 fxe6 17.Bg4 Nd8 18.Rhf1 b5 19.e5 d5 20.Nxd5 exd5 21.Qxd5 Ra7 22.Bh5+  1-0

[Event "Baunatal op 5th"]
[Site "Baunatal"]
[Date "1999.08.14"]
[Round "5"]
[White "Meijers, Viesturs"]
[Black "Meins, Gerlef"]
[Result "1-0"]
[WhiteElo "2472"]
[BlackElo "2421"]

1.e4 c5 2.Nf3 Nc6 3.d4 cxd4 4.Nxd4 Nf6 5.Nc3 d6 6.Bg5 e6 7.Qd2 Be7 8.Be2 O-O
9.O-O Nxe4 10.Nxe4 Nxd4 11.Qxd4 Bxg5 12.Nxg5 Qxg5 13.Qxd6 Rd8 14.Qc7 Rd7
15.Qc3 b6 16.Bf3 Bb7 17.Bxb7 Rxb7 18.Rad1 Rd8 19.Qc6 Rbb8 20.Rd7 Rxd7 21.Qxd7 Qa5
22.a3 b5 23.Rd1 g6 24.Qe7 a6 25.h4 Qa4 26.b3 Qe4 27.Qc7 Rf8 28.g3 h5 29.Qc5 Qb7
30.Rd6 Rc8 31.Qd4 Qc7 32.c3 Qa5 33.c4 bxc4 34.bxc4 e5 35.Qe4 Qxa3 36.Rxg6+ fxg6
37.Qxg6+ Kf8 38.Qf5+ Ke7 39.Qxc8 a5 40.c5 a4 41.c6 Qc1+ 42.Kg2 a3 43.Qd7+ Kf6
44.c7  1-0

[Event "Budapest FS08 IM"]
[Site "Budapest"]
[Date "1999.08.16"]
[Round "10"]
[White "Pinter, Gabor"]
[Black "Dembo, Yelena"]
[Result "1/2-1/2"]
[WhiteElo "2332"]
[BlackElo "2244"]

1.e4 c5 2.Nf3 Nc6 3.d4 cxd4 4.Nxd4 Nf6 5.Nc3 d6 6.Bg5 e6 7.Qd2 Be7 8.O-O-O O-O
9.f4 Nxd4 10.Qxd4 Qa5 11.Bc4 Bd7 12.e5 dxe5 13.fxe5 Bc6 14.Bd2 Nd7 15.Nd5 Qd8
16.Nxe7+ Qxe7 17.Rhe1 Rfd8 18.Qg4 Nf8 19.Bd3 Rd5 20.Bb4 Qd8 21.Bd6 Ng6 22.c4 f5
23.Qg3 Rd4 24.Qe3 Rh4 25.g3 Rxh2 26.Re2 Rh3 27.Rg1 f4 28.Qf2 f3 29.Re3 Qg5
30.Kb1 Rh2 31.Qxh2 Qxe3 32.Rd1 f2 33.Qh3 Re8 34.Kc2 Be4 35.Qf1 Rc8 36.b3 Nxe5
37.Bxe5 Bxd3+ 38.Rxd3 Qe1 39.Rd1 Qxe5 40.Qxf2 b6 41.Re1 Qd6 42.Qe3 Re8 43.Qe5 Qxe5
44.Rxe5 Kf7 45.a4 Rc8 46.Rb5 Rc6 47.Kd3 a6 48.Rh5 Kg6 49.Re5 Kf6 50.Rh5 Kg6
51.Re5 Kf6  1/2-1/2

[Event "FRA-ch G1"]
[Site "Bescanon"]
[Date "1999.08.17"]
[Round "2"]
[White "Degraeve, Jean Marc"]
[Black "Apicella, Manuel"]
[Result "1/2-1/2"]
[WhiteElo "2542"]
[BlackElo "2501"]

1.e4 c5 2.Nf3 Nc6 3.d4 cxd4 4.Nxd4 Nf6 5.Nc3 d6 6.Bg5 e6 7.Qd2 a6 8.O-O-O h6
9.Nxc6 bxc6 10.Bf4 d5 11.Qe3 Bb4 12.a3 Ba5 13.Be2 O-O 14.e5 Bxc3 15.Qxc3 Ne4
16.Qe3 f6 17.f3 fxe5 18.Bxe5 Qg5 19.Qxg5 Nxg5 20.Rhe1 Bd7 21.Bd3 a5 22.Bf1 Ra7
23.Rd4 Nf7 24.Bg3 c5 25.Rd2 c4 26.b3 cxb3 27.cxb3 Rb7 28.Kb2 e5 29.Rxd5 Rfb8
30.Bc4 Be6 31.Bxe5 Bxd5 32.Bxd5 Re7 33.Bxb8 Rxe1 34.b4 axb4 35.axb4 Kf8 36.g4 Ke7
37.b5 Nd6 38.b6 Re2+ 39.Kc3 Re1 40.Kb2 Re2+ 41.Kc3 Re1 42.Kd4 Rf1 43.Kc5 Rc1+
44.Kd4 Rf1 45.Kc5 Rc1+  1/2-1/2

[Event "Presov"]
[Site "Presov"]
[Date "1999.08.18"]
[Round "5"]
[White "Mrva, Martin"]
[Black "Stocek, Jiri"]
[Result "1/2-1/2"]
[WhiteElo "2441"]
[BlackElo "2532"]

1.e4 c5 2.Nf3 d6 3.d4 cxd4 4.Nxd4 Nf6 5.Nc3 Nc6 6.Bg5 Bd7 7.Qd2 Rc8 8.O-O-O Nxd4
9.Qxd4 Qa5 10.f4 Rxc3 11.bxc3 e5 12.Qb4 Qxb4 13.cxb4 Nxe4 14.Bh4 g5 15.Bd3 Nc3
16.Bxg5 Nxd1 17.Rxd1 Be7 18.Bh6 Rg8 19.g3 f5 20.Be2 Be6 21.fxe5 dxe5 22.Bh5+ Bf7
23.Bxf7+ Kxf7 24.Rd7 Rg4 25.Be3 Ke6 26.Rxb7 Bxb4 27.Bxa7 Ba3+ 28.Kd2 h5 29.Rb6+ Kd5
30.Rb5+ Ke6 31.Rb6+ Kd5 32.Rb5+ Ke6 33.Bb8 Re4 34.c4 h4 35.gxh4 f4 36.h5 Bf8
37.h6 f3 38.Rb6+ Kf5 39.h7 Re2+ 40.Kc3 Rxh2 41.Rb7 Bc5 42.Rf7+ Ke4 43.Bxe5 Kxe5
44.Rxf3 Rxh7 45.Rd3 Ke4 46.Rg3 Bd4+ 47.Kb4 Rb7+ 48.Ka5 Rb8 49.a4 Bc5 50.Ka6 Kd4
51.a5 Ra8+ 52.Kb5 Rb8+ 53.Ka6 Kxc4 54.Rg4+ Bd4 55.Rg5 Be3 56.Rh5 Bc5 57.Rh4+ Kb3
58.Rh5 Kc4 59.Rh4+ Bd4 60.Rh5 Rg8 61.Kb7 Bc5 62.a6 Rg7+ 63.Kb8 Bd6+ 64.Ka8 Bc5
65.Kb8 Rg6 66.Kb7 Rb6+ 67.Kc8 Rxa6 68.Kd7 Bd4  1/2-1/2

[Event "Presov"]
[Site "Presov"]
[Date "1999.08.18"]
[Round "5"]
[White "Kulaots, Kaido"]
[Black "Chernyshov, Konstantin"]
[Result "1/2-1/2"]
[WhiteElo "2478"]
[BlackElo "2483"]

1.e4 c5 2.Nf3 Nc6 3.d4 cxd4 4.Nxd4 Nf6 5.Nc3 d6 6.Bg5 e6 7.Qd2 a6 8.O-O-O h6
9.Be3 Nxd4 10.Bxd4 b5 11.Qe3 Ng4 12.Qd2 Nf6 13.Qe3 Ng4 14.Qd2  1/2-1/2

[Event "Presov"]
[Site "Presov"]
[Date "1999.08.19"]
[Round "6"]
[White "Manik, Mikulas"]
[Black "Kulaots, Kaido"]
[Result "1-0"]
[WhiteElo "2447"]
[BlackElo "2478"]

1.e4 c5 2.Nf3 Nc6 3.d4 cxd4 4.Nxd4 Nf6 5.Nc3 d6 6.Bg5 e6 7.Qd2 a6 8.O-O-O Bd7
9.f4 b5 10.Bxf6 gxf6 11.Kb1 Qb6 12.Nb3 b4 13.Ne2 h5 14.Ng3 a5 15.Be2 h4 16.Nh5 Be7
17.g4 a4 18.Nd4 Nxd4 19.Qxd4 Qxd4 20.Rxd4 Rb8 21.f5 Bc6 22.Rhd1 Kd7 23.b3 Rhc8
24.Rc4 Rg8 25.Nf4 Rb6 26.h3 Rgb8 27.Bf1 axb3 28.axb3 Bf8 29.fxe6+ fxe6 30.Ng6 Bh6
31.Rdd4 Bf8 32.Rxd6+ Ke8 33.e5 Be4 34.Nh8 Rxd6 35.exd6 Kd7 36.Nf7  1-0

[Event "FRA-ch qual"]
[Site "Bescanon"]
[Date "1999.08.21"]
[Round "4"]
[White "Fontaine, Robert"]
[Black "Guadalpi, David"]
[Result "1/2-1/2"]
[WhiteElo "2408"]
[BlackElo "2252"]

1.e4 c5 2.Nf3 Nc6 3.d4 cxd4 4.Nxd4 Nf6 5.Nc3 d6 6.Bg5 e6 7.Bb5 Qb6 8.Bxc6+ bxc6
9.Nb3 Be7 10.Bxf6 gxf6 11.Qg4 Ba6 12.Qg7 Rf8 13.Qxh7 d5 14.exd5 cxd5 15.Qh4 Bc4
16.Qd4 Rg8 17.Qxb6 axb6 18.g3 Bb4 19.a3 Bxb3 20.cxb3 d4 21.Ke2 dxc3 22.axb4 Rxa1
23.Rxa1 cxb2 24.Rb1 Rh8 25.h4 Rh5 26.Kd3 f5 27.Ke3 e5 28.Rxb2 Ke7 29.Rc2 f4+
30.Ke4 Kd6 31.b5 f5+ 32.Kf3 fxg3 33.fxg3 Kd5 34.Rc6 f4 35.Rxb6 fxg3 36.Kxg3 Rh7
37.Rg6 e4 38.b6 e3 39.Rg5+ Ke4 40.Rg8 Rf7  1/2-1/2

[Event "Presov"]
[Site "Presov"]
[Date "1999.08.22"]
[Round "9"]
[White "Stocek, Jiri"]
[Black "Chernyshov, Konstantin"]
[Result "1/2-1/2"]
[WhiteElo "2532"]
[BlackElo "2483"]

1.e4 c5 2.Nf3 Nc6 3.d4 cxd4 4.Nxd4 Nf6 5.Nc3 d6 6.Bg5 e6 7.Qd2 a6 8.O-O-O h6
9.Bf4 Bd7 10.Nxc6 Bxc6 11.f3 Qa5 12.Kb1 Rd8 13.Bd3 Be7 14.Rhe1 Nd7 15.Bf1 Ne5
16.Qf2 O-O 17.Be3 Nd7 18.g4 Bf6 19.Bd4 Bxd4 20.Rxd4 Qc5 21.Red1 Ne5 22.f4 Nxg4
23.Qg3 h5 24.e5 g6 25.Bh3 b5 26.b4 Qb6 27.Rxd6 Rxd6 28.Rxd6 Rd8 29.Bxg4 Rxd6
30.exd6 hxg4 31.Qd3 Kf8 32.Kb2 Ke8 33.a3 Kd7 34.Qg3 Bf3 35.h3 f5 36.hxg4 fxg4
37.Qh4 Qxd6 38.Qh7+ Kc6 39.Qa7 Qxf4 40.Qxa6+ Kd7 41.Qxb5+ Ke7 42.Qc5+ Kf7
43.Nb5 g3 44.Nd6+ Kf6 45.Ne8+ Kf7 46.Nd6+ Kf6 47.Ne8+  1/2-1/2

[Event "FRA-ch qual"]
[Site "Bescanon"]
[Date "1999.08.23"]
[Round "6"]
[White "Fontaine, Robert"]
[Black "Nezar, Mustapha"]
[Result "1/2-1/2"]
[WhiteElo "2408"]
[BlackElo "2296"]

1.e4 c5 2.Nf3 d6 3.d4 cxd4 4.Nxd4 Nf6 5.Nc3 Nc6 6.Bg5 e6 7.Bb5 Bd7 8.Bxc6 bxc6
9.Qf3 h6 10.Bh4 e5 11.Nf5 Bxf5 12.Qxf5 Be7 13.O-O-O Qd7 14.Qf3 O-O 15.Bxf6 Bxf6
16.h4 Qe7 17.Qh3 Rfd8 18.g4 Qe6 19.Kb1 Be7 20.Qf3 Rd7 21.g5 a5 22.Rdg1 Rb8
23.Qh5 Kh7 24.gxh6 g6 25.Qg4 Qxg4 26.Rxg4 Kxh6 27.Nd1 Rh8 28.Ne3 Kg7 29.h5 Kf6
30.Rgh4 Ke6 31.R4h3 Rxh5 32.Rxh5 gxh5 33.Rxh5 d5 34.exd5+ cxd5 35.Kc1 Rd8
36.Kd2 Rb8 37.b3 a4 38.Ke2 axb3 39.axb3 Rd8 40.f3 f6  1/2-1/2

[Event "BIH-chT"]
[Site "Bihac"]
[Date "1999.08.24"]
[Round "4"]
[White "Zerdo, Mirza"]
[Black "Softic, Edin"]
[Result "1-0"]
[WhiteElo "2156"]
[BlackElo "2004"]

1.e4 c5 2.Nf3 Nc6 3.d4 cxd4 4.Nxd4 Nf6 5.Nc3 d6 6.Bg5 Qa5 7.Bxf6 gxf6 8.Qd2 h5
9.f4 Bh6 10.Nb3 Qd8 11.O-O-O a5 12.g3 a4 13.Nd4 h4 14.Kb1 a3 15.b3 Rg8 16.Nf5 Bxf5
17.exf5 Qa5 18.Nd5 Qxd2 19.Rxd2 Kd8 20.Bd3 Ra5 21.Be4 Bg7 22.Rhd1 hxg3 23.hxg3 Rh8
24.b4 Ra7 25.c3 Nb8 26.Kc2 Nd7 27.Kb3 Rh3 28.Rd3 b5 29.Bg2 Rh2 30.Ne3 Nb6
31.Rh1 Rxh1 32.Bxh1 Kd7 33.Nc2 e6 34.Nxa3 Rxa3+ 35.Kxa3 Nc4+ 36.Kb3 d5 37.Bxd5 exd5
38.Rxd5+ Nd6 39.a4 bxa4+ 40.Kxa4 Kc6 41.c4 Bf8 42.Kb3 Be7 43.Ra5 Kb7 44.c5 Ne4
45.Kc4 Nxg3 46.b5 Nxf5 47.c6+ Kb6 48.Ra6+ Kc7 49.Ra7+ Kb8 50.b6 Bd8 51.c7+ Bxc7
52.Rxc7 Nd6+ 53.Kd5  1-0

[Event "GER-ch U20 int"]
[Site "Hamburg"]
[Date "1999.08.24"]
[Round "9"]
[White "Hajnal, Zoltan"]
[Black "Klimov, Sergey"]
[Result "1/2-1/2"]
[WhiteElo "2302"]
[BlackElo "2416"]

1.e4 c5 2.Nf3 d6 3.d4 cxd4 4.Nxd4 Nf6 5.Nc3 Nc6 6.Bg5 e6 7.Qd2 a6 8.O-O-O h6
9.Be3 Be7 10.f3 Nxd4 11.Bxd4 b5 12.Kb1 O-O 13.g4 b4 14.Na4 Rb8 15.b3 Nd7
16.Qe1 Qc7 17.h4 Ne5 18.Qf2 Bd7 19.Nb2 a5 20.g5 h5 21.Bh3 Rfe8 22.f4 Nc6
23.f5 Nxd4 24.Qxd4 exf5 25.exf5 Rbc8 26.Qd2 Bf8 27.f6 Bxh3 28.Rxh3 Re4 29.Nc4 Rxc4
30.bxc4 Qxc4 31.Qd3 Qg4 32.Rh2 Rc3 33.Qd4 Qe6 34.Qd5 a4 35.fxg7 Kxg7 36.Rf2 Kg8
37.Rf6 Qxd5 38.Rxd5 Rh3 39.Rdf5 Bg7 40.Rxf7 Rxh4 41.Rf4 Rh1+ 42.Rf1 Rxf1+
43.Rxf1 Kh7 44.Kc1 Kg6 45.Kd2 Bd4 46.Kd3 Bc5 47.Ke4  1/2-1/2

[Event "SoLett op"]
[Site "Skelleftea"]
[Date "1999.09.02"]
[Round "4"]
[White "Furhoff, Johan"]
[Black "Fors, Tomas"]
[Result "1-0"]
[WhiteElo "2281"]
[BlackElo "2086"]

1.e4 c5 2.Nf3 Nc6 3.d4 cxd4 4.Nxd4 Nf6 5.Nc3 d6 6.Bg5 e6 7.Qd2 a6 8.O-O-O h6
9.Be3 Be7 10.h3 Bd7 11.f4 b5 12.Bd3 Nxd4 13.Bxd4 b4 14.Ne2 e5 15.Be3 Qa5
16.Kb1 Be6 17.b3 d5 18.f5 dxe4 19.fxe6 exd3 20.exf7+ Kxf7 21.Qxd3 Qb5 22.Qxb5 axb5
23.Bc1 Rhd8 24.Bb2 Ke6 25.Rde1 Kd6 26.Ng3 Kc6 27.Nf5 Bf8 28.Rxe5 Nd5 29.Nd4+ Kb6
30.Rf1 Rd7 31.Re6+ Kb7 32.Nxb5 Rc8 33.a3 bxa3 34.Nxa3 Bb4 35.Nb5 Rc5 36.c4 Nf6
37.Nd6+ Ka7 38.Bd4  1-0

[Event "EU-ch U16"]
[Site "Litohoto"]
[Date "1999.09.04"]
[Round "2"]
[White "Soltanici, Ruslan"]
[Black "Arutunian, D."]
[Result "1/2-1/2"]
[WhiteElo "2197"]
[BlackElo "2318"]

1.e4 c5 2.Nf3 Nc6 3.d4 cxd4 4.Nxd4 Nf6 5.Nc3 d6 6.Bg5 e6 7.Qd2 a6 8.O-O-O Bd7
9.f3 Be7 10.Be3 b5 11.g4 Nxd4 12.Qxd4 e5 13.Qd2 b4 14.Nd5 Nxd5 15.exd5 a5
16.Kb1 O-O 17.Bd3 f5 18.gxf5 Bxf5 19.Be4 Qd7 20.Qg2 Rfc8 21.Rhg1 Bf6 22.h4 a4
23.Rc1 Rc4 24.h5 Kh8 25.h6 g6 26.Bg5 Bxg5 27.Qxg5 Rf8 28.Rce1 Kg8 29.Re2 Bxe4
30.fxe4 Rf4 31.Rge1 Rc8 32.Qg1 Qc7 33.Qe3 Rcf8 34.Qd3 Qb6 35.Qh3 Qc7 36.a3 bxa3
37.Qxa3 Qd7 38.Re3 Rh4 39.Rc3 Rxh6 40.Rc6 g5 41.Qxa4 Rg6 42.Qc4 Rg7 43.Qb4 Rg6
44.Qc4 Rg7 45.Qb4  1/2-1/2

[Event "St Petersburg Cup"]
[Site "St Petersburg"]
[Date "1999.09.04"]
[Round "3"]
[White "Yemelin, Vasily"]
[Black "Sakaev, Konstantin"]
[Result "0-1"]
[WhiteElo "2500"]
[BlackElo "2648"]

1.e4 c5 2.Nf3 d6 3.d4 cxd4 4.Nxd4 Nf6 5.Nc3 Nc6 6.Bg5 a6 7.Qd2 Qb6 8.Nb3 e6
9.O-O-O Qc7 10.Bxf6 gxf6 11.Be2 h5 12.f4 b5 13.Bf3 Ne5 14.Ne2 Nxf3 15.gxf3 a5
16.Kb1 b4 17.f5 e5 18.c3 Qb6 19.Rhg1 Ba6 20.Rg2 Ke7 21.Nbc1 Bh6 22.Qe1 Rhc8
23.b3 Qe3 24.Ng3 Qxe1 25.Rxe1 Rxc3 26.Rc2 Rac8  0-1

[Event "Amsterdam blind sim"]
[Site "Amsterdam"]
[Date "1999.09.05"]
[Round "?"]
[White "Shirov, Alexei"]
[Black "Knoppert, Erik G J"]
[Result "1/2-1/2"]
[WhiteElo "2734"]
[BlackElo "2382"]

1.e4 c5 2.Nf3 d6 3.d4 cxd4 4.Nxd4 Nf6 5.Nc3 Nc6 6.Bg5 e6 7.Qd2 Be7 8.O-O-O Nxd4
9.Qxd4 O-O 10.f4 Bd7 11.Bxf6 Bxf6 12.e5 Be7 13.exd6 Bf6 14.Qd3 Qb6 15.b3 g6
16.Ne4 Bg7 17.g4 Bc6 18.g5 Rfd8 19.Bg2 Qb4 20.c3 Bxc3 21.Qxc3 Qxc3+ 22.Nxc3 Bxg2
23.Rhg1 Bc6 24.b4 a6 25.Kb2 Rac8 26.Rge1 Kf8 27.Re5 Rd7 28.Re3 Rcd8 29.Red3 Bd5
30.Nxd5 Rxd6 31.Kc3 exd5 32.Kb3 Kg7 33.a4 h5 34.a5 Kf8 35.f5 d4 36.f6 Ke8
37.h4 R8d7 38.Rc1 Kd8 39.Rc4 Rd5  1/2-1/2

[Event "EU-ch U16"]
[Site "Litohoto"]
[Date "1999.09.05"]
[Round "3"]
[White "Mastrovasilis, Dimitrios"]
[Black "Izoria, Zviad"]
[Result "1/2-1/2"]
[WhiteElo "2384"]
[BlackElo "2272"]

1.e4 c5 2.Nf3 d6 3.d4 cxd4 4.Nxd4 Nf6 5.Nc3 Nc6 6.Bg5 e6 7.Bb5 Qb6 8.Be3 Qc7
9.O-O Be7 10.Kh1 a6 11.Bd3 O-O 12.f4 Nxd4 13.Bxd4 e5 14.Be3 exf4 15.Rxf4 Be6
16.Nd5 Bxd5 17.exd5 Nd7 18.Bd4 g6 19.Qg4 Ne5 20.Bxe5 dxe5 21.Rf5 Kh8 22.Re1 f6
23.Rff1 f5 24.Qe2 e4 25.Bc4 Bd6 26.g3 Rae8 27.Bb3 g5 28.Qd2 Qg7 29.c3 f4
30.gxf4 gxf4 31.Bc2 e3 32.Qg2 Qh6 33.Qf3 Rg8 34.Bd1 Rg5  1/2-1/2

[Event "Popel mem 2nd"]
[Site "Lvov"]
[Date "1999.09.07"]
[Round "8"]
[White "Popovych, Orest"]
[Black "Atalik, Suat"]
[Result "0-1"]
[WhiteElo "2270"]
[BlackElo "2598"]

1.e4 c5 2.Nf3 d6 3.d4 cxd4 4.Nxd4 Nf6 5.Nc3 Nc6 6.Bg5 e6 7.Qd2 a6 8.O-O-O Nxd4
9.Qxd4 Be7 10.f4 b5 11.Bxf6 gxf6 12.f5 Qa5 13.Kb1 Bb7 14.Bd3 e5 15.Qe3 b4
16.Nd5 Bxd5 17.exd5 h5 18.Qe4 Bf8 19.Bc4 Bh6 20.Bb3 Kf8 21.Rhf1 Rc8 22.Rf3 Qb5
23.c4 bxc3 24.Rxc3 Rxc3 25.bxc3 Rg8 26.g3 Rg4 27.Qd3 Qb6 28.Qe2 a5 29.Kc2 a4
30.Bc4 Qc5 31.Ba6 Rb4 32.a3 Rb3 33.Bc4 Qxa3 34.Bxb3 Qxb3+ 35.Kd3 Qxd5+ 36.Kc2 Qb3+
37.Kd3 d5  0-1

[Event "EU-ch U16"]
[Site "Litohoto"]
[Date "1999.09.08"]
[Round "6"]
[White "Jakubowski, Krzysztof"]
[Black "Werle, Jan"]
[Result "1-0"]
[WhiteElo "2320"]
[BlackElo "2216"]

1.e4 c5 2.Nf3 d6 3.d4 cxd4 4.Nxd4 Nf6 5.Nc3 Nc6 6.Bg5 e6 7.Qd2 a6 8.O-O-O h6
9.Bf4 Bd7 10.Nxc6 Bxc6 11.Qe1 Be7 12.h4 Qa5 13.f3 Rd8 14.Bc4 b5 15.Bb3 Qc7
16.g4 a5 17.a3 Nd7 18.Qe3 Rb8 19.g5 a4 20.Ba2 b4 21.axb4 Rxb4 22.g6 Qb8 23.gxf7+ Kxf7
24.Rhg1 Nc5 25.e5 d5 26.Bxd5 Bxd5 27.Rxd5 a3 28.bxa3 Rc4 29.Rd2 Qa8 30.Rd6 Qxa3+
31.Kd2 Bxd6 32.exd6 Qb2 33.Be5 Nb3+ 34.Kd1 Ra8 35.Rxg7+ Kf8 36.Rg8+ Kf7 37.Rxa8 Rxh4
38.Qa7+ Kg6 39.Qg7+  1-0

[Event "ISL-ch"]
[Site "Reykjavik"]
[Date "1999.09.09"]
[Round "9"]
[White "Stefansson, Hannes"]
[Black "Thorfinnsson, Bragi"]
[Result "1-0"]
[WhiteElo "2584"]
[BlackElo "2260"]

1.e4 c5 2.Nf3 Nc6 3.d4 cxd4 4.Nxd4 Nf6 5.Nc3 d6 6.Bg5 e6 7.Qd2 a6 8.O-O-O h6
9.Be3 Qc7 10.f3 Rb8 11.Kb1 Be7 12.g4 Ne5 13.h4 b5 14.Bd3 b4 15.Nce2 Nfd7
16.g5 h5 17.f4 Nxd3 18.cxd3 g6 19.f5 e5 20.Nb3 Nc5 21.Ng3 Nxb3 22.axb3 a5
23.d4 Bb7 24.Rc1 Qd7 25.dxe5 dxe5 26.Qxd7+ Kxd7 27.Rhd1+ Ke8 28.f6 Bd8 29.Rc5  1-0

[Event "CRO-chT (Women)"]
[Site "Pula"]
[Date "1999.09.11"]
[Round "3"]
[White "Roschina, Tatiana"]
[Black "Grosar, Kiti"]
[Result "0-1"]
[WhiteElo "2248"]
[BlackElo "2234"]

1.e4 c5 2.Nf3 Nc6 3.d4 cxd4 4.Nxd4 Nf6 5.Nc3 d6 6.Bg5 e6 7.Bb5 Bd7 8.Bxc6 bxc6
9.Qf3 Be7 10.e5 Nd5 11.Ne4 Qa5+ 12.Bd2 Qc7 13.exd6 Bxd6 14.c4 Be5 15.Nb3 Nf6
16.Ba5 Qb8 17.O-O-O Nxe4 18.Qxe4 Bf6 19.Rd3 a6 20.f4 Ra7 21.Rhd1 c5 22.R1d2 Be7
23.Qe3 Qc8 24.f5 O-O 25.f6 Bxf6 26.Nxc5 Bc6 27.b3 Qa8 28.Bb6 Re7 29.Bd8 Qa7
30.Bxe7 Bxe7 31.b4 a5 32.Ra3 Qb6 33.Rxa5 Qxb4 34.Nb3 Ba4 35.Ra7 Qxc4+ 36.Rc2 Qf1+
37.Kb2 Bf6+ 38.Ka3 Bb5 39.Qf2 Qd3 40.Qd2 Qf5 41.Nc5 Qe5 42.Qb4 Bc6 43.Nb3 Rb8
44.Qc5 Qe4 45.Ra6 Be8 46.Ra7 Bc6 47.g4 h6 48.Qc4 Qe3 49.Ra5 Bd5 50.Qa4 Qd3
51.Rf2 Bd4 52.Rf4 Be3 53.Kb2 Qd2+ 54.Ka3 Qc1+  0-1

[Event "CRO-chT"]
[Site "Pula"]
[Date "1999.09.11"]
[Round "3"]
[White "Drlje, Josip"]
[Black "Brulic, Denis"]
[Result "1/2-1/2"]
[WhiteElo "2090"]
[BlackElo "2121"]

1.e4 c5 2.Nf3 Nc6 3.d4 cxd4 4.Nxd4 Nf6 5.Nc3 d6 6.Bg5 e6 7.Be2 a6 8.O-O Be7
9.Qd2 Bd7 10.a4 Qa5 11.Nb3 Qb4 12.a5 Ne5 13.f4 Ng6 14.f5 Ne5 15.fxe6 fxe6
16.Bh5+ Ng6 17.Bxg6+ hxg6 18.Rf4 e5 19.Bxf6 gxf6 20.Rf3 Rc8 21.Qf2 Rxc3 22.Rxc3 Qxe4
23.Nd2 Qh4 24.g3 Qh3 25.Raa3 d5 26.Rab3 Bc6 27.Nf3 d4 28.Rxc6 bxc6 29.Rb8+ Kd7
30.Rb7+ Ke8 31.Rb8+ Kd7  1/2-1/2

[Event "CRO-chT"]
[Site "Pula"]
[Date "1999.09.11"]
[Round "3"]
[White "Palac, Mladen"]
[Black "Kozul, Zdenko"]
[Result "0-1"]
[WhiteElo "2610"]
[BlackElo "2612"]

1.e4 c5 2.Nf3 Nc6 3.d4 cxd4 4.Nxd4 Nf6 5.Nc3 d6 6.Bg5 e6 7.Qd2 a6 8.O-O-O Bd7
9.f4 b5 10.Bxf6 gxf6 11.Kb1 Qb6 12.Nxc6 Bxc6 13.Qe1 Ra7 14.f5 h5 15.fxe6 fxe6
16.Bd3 Rg7 17.Rf1 Be7 18.Ne2 h4 19.Rf2 Rh5 20.Nf4 Re5 21.Re2 Rg4 22.Qf1 Qc5
23.Rde1 Bd7 24.Rf2 Bc6 25.Be2 Rg8 26.Bf3 Qc4 27.Nd3 Reg5 28.Qe2 e5 29.Bh5+ Kd8
30.b3 Qc3 31.Bf7 R8g7 32.Bd5 f5 33.Ref1 f4 34.Ne1 h3 35.Rf3  0-1

[Event "Artek olJ"]
[Site "Artek"]
[Date "1999.09.14"]
[Round "4"]
[White "Efimenko, Zahar"]
[Black "Korotkjevich, S."]
[Result "1/2-1/2"]
[WhiteElo "2332"]
[BlackElo "2264"]

1.e4 c5 2.Nf3 d6 3.d4 cxd4 4.Nxd4 Nf6 5.Nc3 Nc6 6.Bg5 e6 7.Qd2 a6 8.O-O-O h6
9.Be3 Ng4 10.Nxc6 bxc6 11.Bc5 Qg5 12.Qxg5 hxg5 13.Be2 dxc5 14.Bxg4 f6 15.Rd2 Be7
16.h3 Kf7 17.Rhd1 Rb8 18.Bf3 g6 19.e5 f5 20.Rd3 Rh4 21.Bxc6 Rhb4 22.b3 c4
23.R3d2 cxb3 24.cxb3 g4 25.Rd3 R8b6 26.Ba8 Rb8 27.Bc6 R8b6 28.Ba8  1/2-1/2

[Event "Artek olJ"]
[Site "Artek"]
[Date "1999.09.15"]
[Round "5"]
[White "Inarkiev, Ernesto"]
[Black "Balogh, Csaba"]
[Result "1-0"]
[WhiteElo "2423"]
[BlackElo "2235"]

1.e4 c5 2.Nf3 d6 3.d4 cxd4 4.Nxd4 Nf6 5.Nc3 Nc6 6.Bg5 e6 7.Qd2 a6 8.O-O-O Bd7
9.f4 b5 10.a3 Qb6 11.e5 Qxd4 12.Qe1 Qa7 13.exf6 g6 14.Nd5 Kd8 15.Ne7 Nxe7
16.fxe7+ Bxe7 17.Qc3 Rf8 18.Qg7 Ke8 19.Bh6 Rc8 20.Bd3 Qc5 21.g4 b4 22.axb4 Qxb4
23.f5 Rb8 24.Rd2 d5 25.Rf1 gxf5 26.c3 Qa4 27.Qe5 Rb6 28.Bxf8 Qa1+ 29.Bb1 Bxf8
30.Qe3 Rb7 31.g5 a5 32.Rxf5 a4 33.Rf4 a3 34.b4 Rc7 35.Rc2 Bg7 36.Rf3 Bxc3
37.Qf4 Kd8 38.Rfxc3  1-0

[Event "CRO-chT"]
[Site "Pula"]
[Date "1999.09.17"]
[Round "8"]
[White "Kutuzovic, Branko"]
[Black "Bilobrk, Franjo"]
[Result "1/2-1/2"]
[WhiteElo "2480"]
[BlackElo "2369"]

1.e4 c5 2.Nf3 d6 3.d4 cxd4 4.Nxd4 Nf6 5.Nc3 Nc6 6.Bg5 e6 7.Qd2 a6 8.O-O-O Bd7
9.f3 Be7 10.h4 b5 11.Kb1 Nxd4 12.Qxd4 Qc7  1/2-1/2